20 Largest Cities In The U.S. - Statistics

General Stats
  • This quiz has been taken 37 times
  • The average score is 19 of 20
Answer Stats
Population State City % Correct
3,874,297 California Los Angeles
100%
8,412,513 New York New York City
100%
1,688,306 Arizona Phoenix
100%
815,701 California San Francisco
100%
2,715,336 Illinois Chicago
97%
1,331,752 Texas Dallas
97%
2,412,920 Texas Houston
97%
892,551 Indiana Indianapolis
97%
720,377 Oklahoma Oklahoma City
97%
939,962 Ohio Columbus
93%
731,868 Colorado Denver
93%
1,024,310 Florida Jacksonville
93%
1,567,198 Pennsylvania Philadelphia
93%
1,548,485 Texas San Antonio
93%
1,409,359 California San Diego
93%
791,093 Washington Seattle
93%
1,000,511 Texas Austin
90%
960,608 North Carolina Charlotte
90%
1,029,221 Texas Fort Worth
86%
944,288 California San Jose
86%
No matching quizzes found
Score Distribution
Percent of People with Each Score
Percentile by Number Answered
Your Score History
You have not taken this quiz